Top 30 NFL QB Touchdowns - Statistics

General Stats
  • This quiz has been taken 65 times
  • The average score is 21 of 30
Answer Stats
TD-Team Player % Correct
632-NE Tom Brady
100%
458-GB Aaron Rodgers
96%
508-GB Brett Favre
96%
571-NO Drew Brees
96%
366-NYG Eli Manning
96%
375-ATL Matt Ryan
96%
329-DET Matt Stafford
96%
539-IND Peyton Manning
96%
418-PIT Ben Roethlisberger
94%
420-MIA Dan Marino
94%
421-LAC Phillip Rivers
94%
297-SEA Russel Wilson
94%
273-SF Joe Montana
87%
300-DEN John Elway
85%
291-TEN Warren Moon
79%
248-DAL Tony Romo
75%
342-MIN Fran Tarkenton
71%
290-IND Johnny Unitas
69%
234-PHI Donovan McNabb
67%
251-NE Drew Bledsoe
67%
237-BUF Jim Kelly
67%
294-CIN Carson Palmer
62%
254-LAC Dan Fouts
48%
247-CIN Boomer Esiason
46%
239-KC Len Dawson
38%
275-NYJ Vinny Testaverde
35%
261-SEA Dave Krieg
25%
244-LAC John Hadl
19%
236-HOU George Blanda
13%
255-WAS Sonny Jurgenson
13%
No matching quizzes found
Score Distribution
Percent of People with Each Score
Percentile by Number Answered
Your Score History
You have not taken this quiz